Państwa graniczące z Imperium Osmańskim w 1914 roku - Statystyki

Ogólne statystyki
  • Ten quiz został rozwiązany 106 razy
  • Średni wynik to 3 z 7
Statystyki odpowiedzi
Państwo % Poprawnych
Rosja
93%
Bułgaria
83%
Wielka Brytania (Kuwejt, Egipt)
72%
Persja
60%
Jemen
26%
Nedżd
5%
Shammar
3%
Nie znaleziono quizów pasujących do podanych kryteriów
Rozkład punktacji
Procent ludzi z każdym wynikiem
Percentyl według liczby udzielonych odpowiedzi
Twoja historia wyników
Nie rozwiązałeś tego quizu